LEADER 01123nam0-2200361li-450 001 990000242680203316 005 20180312154643.0 010 $a0-412-04131-6 035 $a0024268 035 $aUSA010024268 035 $a(ALEPH)000024268USA01 035 $a0024268 100 $a20019990h----1993993y0itay0103----ba 101 0 $aeng 102 $aUS 200 1 $aAlgebraic combinatorics$fC. D. Godsil 210 $aNew York$cChapman and Hall$dLondon$hcopyr. 1993 215 $aXV, 362 p.$cill.$d23 cm. - (Chapman and Hall mathematics series) 610 1 $aanalisi combinatoria 676 $a5116$9Analisi combinatoria 700 1$aGodsil,$bC. D.$0746348 801 $aSistema bibliotecario di Ateneo dell' Università di Salerno$gRICA 912 $a990000242680203316 951 $a511.6 GOD$b24278/CBS$c511.6$d00218869 959 $aBK 969 $aSCI 979 $c19990103 979 $c20001110$lUSA01$h1715 979 $c20020403$lUSA01$h1632 979 $aPATRY$b90$c20040406$lUSA01$h1617 979 $aRSIAV6$b90$c20090429$lUSA01$h1521 996 $aAlgebraic combinatorics$91489555 997 $aUNISA LEADER 02082nam 2200505 a 450 001 9910701779303321 005 20120413154547.0 035 $a(CKB)5470000002420302 035 $a(OCoLC)785745885 035 $a(EXLCZ)995470000002420302 100 $a20120413d1987 ua 0 101 0 $aeng 135 $aurbn||||||||| 181 $ctxt$2rdacontent 182 $cc$2rdamedia 183 $acr$2rdacarrier 200 10$aAnalytical investigation of the dynamics of tethered constellations in Earth orbit (phase II)$b[electronic resource] $equarterly report # 9, for the period 1 April 1987 through 30 June 1987 /$fprincipal investigator Enrico Lorenzini ; co-investigators David A. Arnold, Mario D. Grossi, Gordon E. Gullahorn 210 1$aCambridge, Mass. :$cSmithsonian Institution Astrophysical Observatory ;$aHuntsville, Ala. :$cNational Aeronautics and Space Administration, Marshall Space Flight Center,$d[1987] 215 $a1 online resource (51 pages) $cillustrations 225 1 $aNASA-CR-179149 300 $aTitle from title screen (viewed on Apr. 13, 2012). 300 $a"July 1987." 517 $aAnalytical investigation of the dynamics of tethered constellations in Earth orbit 606 $aControl theory$2nasat 606 $aDynamic response$2nasat 606 $aElevators (lifts)$2nasat 606 $aSpacecraft motion$2nasat 606 $aTethered satellites$2nasat 615 7$aControl theory. 615 7$aDynamic response. 615 7$aElevators (lifts) 615 7$aSpacecraft motion. 615 7$aTethered satellites. 700 $aLorenzini$b Enrico$072857 701 $aArnold$b David A$054041 701 $aGrossi$b Mario D$03353 701 $aGullahorn$b Gordon E$01402609 712 02$aSmithsonian Astrophysical Observatory. 712 02$aGeorge C. Marshall Space Flight Center. 801 0$bGPO 801 1$bGPO 906 $aBOOK 912 $a9910701779303321 996 $aAnalytical investigation of the dynamics of tethered constellations in Earth orbit (phase II)$93473491 997 $aUNINA LEADER 01249nam--2200361---450- 001 990006123970203316 005 20160211105305.0 035 $a000612397 035 $aUSA01000612397 035 $a(ALEPH)000612397USA01 035 $a000612397 100 $a20160211d1973----km-y0itay50------ba 101 $aita$aeng 102 $aIT 105 $aa---||||001yy 200 1 $a<> delicata scacchiera$eMarcel Duchamp, 1902-1968$eNapoli, Palazzo Reale, giugno/luglio 1973$fa cura di Achille Bonito Oliva$d<> delicate chess-board$eMarcel Duchamp, 1902-1968$eNapoli, Palazzo Reale, June/July 1973$fedited by Achille Bonito Oliva 210 $aFirenze$cCentro Di$d1973 215 $a[92] carte$cill.$d22 cm 225 2 $aCat[aloghi]$v35 300 $aCatalogo a cura di R. D'Angelo 410 0$12001$aCat[aloghi]$v35 510 1 $a<> delicate chess-board 600 1$aDuchamp,$bMarcel$xEsposizioni$z1973$2BNCF 676 $a709.44 702 1$aBONITO OLIVA,$bAchille 801 0$aIT$bsalbc$gISBD 912 $a990006123970203316 951 $aXV.9.M. 2710$b4589 MAR$cXV.9.M.$d385399 959 $aBK 969 $aMAR 979 $aIANNONE$b90$c20160211$lUSA01$h1053 996 $aDelicata scacchiera$9603564 997 $aUNISA